| 000 | 00961cam a2200289 i 4500 | ||
|---|---|---|---|
| 001 | 1371569 | ||
| 003 | EG-ScBUE | ||
| 005 | 20240529104953.0 | ||
| 008 | 811118t1982 nyuab f 000 0 eng d | ||
| 020 | _a002542940X | ||
| 040 |
_aDLC _beng _erda _cDLC _dDLC _dEG-ScBUE |
||
| 043 | _aa-af--- | ||
| 082 | 0 | 4 |
_a958.102 _222 _bROA |
| 245 | 0 | 4 |
_aThe road to Kabul : _ban anthology / _cedited by Gerald de Gaury and H.V.F. Winstone. |
| 264 | 1 |
_aNew York : _bMacmillan Publishing, _c[1982] |
|
| 264 | 4 | _cc1982 | |
| 300 |
_a233 pages : _billustrations, maps ; _c24 cm |
||
| 336 |
_2rdacontent _atext _btxt |
||
| 337 |
_aunmediated _2rdamedia _bn |
||
| 338 |
_avolume _bnc _2rdacarrier |
||
| 651 | 7 |
_aAfghanistan _xDescription and travel. _2BUEsh _910778 |
|
| 655 | _vReading book | ||
| 700 | 1 |
_aDe Gaury, Gerald, _eeditor. _910779 |
|
| 700 | 1 |
_aWinstone, H. V. F. _q(Harry Victor Frederick) _eeditor. _910780 |
|
| 942 |
_2ddc _cBB |
||
| 999 |
_c13237 _d13237 |
||